000 00482nam a2200181Ia 4500
001 688
005 20260306140536.0
008 260306t2007||||xx |||||||||||||| ||spa||
041 _aESP
082 _a149.2
_bM86
100 _aMoreno Iturralde, José Ignacio
_eAUT
245 0 _aPara entender mejor el mundo :
_bcurso de introducción a la Filosofía realista
260 _c2007
300 _a185 páginas :
_c20 cm.
650 _aGEN
654 _aCHU
942 _cLIB
_dJUS
_fJUS
_2ddc
_n
999 _c688
_d688